00270nam a2200121Ia 4500008004100000100001900041245002100060260002200081300000800103650001300111942000700124999001700131190216s9999||||xx |||||||||||||| ||und|| aDamodaran Nair 0aTolstoy Kathakal bDc Books Kottayam a211 aKathakal cBK c27730d27730